Druhý dech programu PHARE Pohled z Bruselu
Rozhovor s A. Mayhewom a P. Mirelom. Doterajšie výsledky programu Phare. Realizácia programu PHARE v Českej republike. Pomoc pri ekonomickej reforme a pomoc pri príprave ČR na vstup do EÚ. Úloha priamych zahraničných investícií v krajinách strednej a východnej Európy. Postavenie CzechInvestu. Porovn...
Salvato in:
| Autore principale: | |
|---|---|
| Altri autori: | , |
| Natura: | Capitolo di libro |
| Lingua: | ceco |
| Soggetti: | |
| Tags: |
Nessun Tag, puoi essere il primo ad aggiungerne!!
|
MARC
| LEADER | 00000naa a2200000 4500 | ||
|---|---|---|---|
| 001 | r017193 | ||
| 005 | 20221205101421.6 | ||
| 041 | 0 | |a cze | |
| 044 | |a CZ | ||
| 245 | 1 | 0 | |a Druhý dech programu PHARE |b Pohled z Bruselu |c A. Mayhew, P. Mirel, Dušan Provazník |
| 520 | |a Rozhovor s A. Mayhewom a P. Mirelom. Doterajšie výsledky programu Phare. Realizácia programu PHARE v Českej republike. Pomoc pri ekonomickej reforme a pomoc pri príprave ČR na vstup do EÚ. Úloha priamych zahraničných investícií v krajinách strednej a východnej Európy. Postavenie CzechInvestu. Porovnanie priamych zahraničných investícií v Číne a krajinách strednej a východnej Európy. | ||
| 610 | 2 | 0 | |a PHARE |
| 610 | 2 | 0 | |a pomoc zahraničná |
| 610 | 2 | 0 | |a investície zo zahraničia |
| 610 | 2 | 0 | |a Česko |
| 610 | 2 | 0 | |a stredná Európa |
| 610 | 2 | 0 | |a východná Európa |
| 100 | 1 | |a Mayhew, A. | |
| 700 | 1 | |a Mirel, P. | |
| 700 | 1 | |a Provazník, Dušan | |